Las reformas de la administración local durante el reinado de Carlos III: un estudio sobre dos reformas administrativas de Carlos III

Saved in:
Bibliografiske detaljer
Hovedforfatter: Guillamón, Javier (Author)
Format: Bog
Sprog:spansk
Udgivet: Madrid, España Instituto de Estudios de Administración Local 1980
Serier:Colección Estudios de Administración local, 14
Fag:
Tags: Tilføj Tag
Ingen Tags, Vær først til at tagge denne postø!

MARC

LEADER 00000nam a2200000 a 4500
001 UCX1304
003 CL-VaPUC
005 20200810174214.0
008 900718e19800000SP |||||||||||||||||spa|d
999 |c 222570  |d 222568 
040 |c Pontificia Universidad Católica de Valparaíso 
082 0 4 |a 946.057 GUI 1980  |2 21 
100 |a Guillamón, Javier  |e author  |9 316769 
245 1 4 |a Las reformas de la administración local durante el reinado de Carlos III:  |b  un estudio sobre dos reformas administrativas de Carlos III 
260 |a Madrid, España  |b Instituto de Estudios de Administración Local  |c 1980 
300 |a 462 páginas 
490 0 |a Colección Estudios de Administración local,  |v  14 
583 |a last modification  |c 19900718 00:00:00  |k Rodrigo Vera 
600 0 7 |a CARLOS II  |2 CL-VaPUC  |9 316770  |z ESPAÑA 
650 7 |a HISTORIA DE ESPAÑA  |2 CL-VaPUC  |9 316771  |y 1759-1788 
852 |a BIBCUR 
942 |c BK  |2 ddc 
945 |d 19900718 00:00:00 
952 |0 0  |1 0  |2 ddc  |4 0  |6 946_057000000000000_GUI_1980  |7 0  |8 A  |9 217514  |a BIBHIS  |b BIBHIS  |d 2019-11-15  |i 2864304  |o 946.057 GUI 1980  |p 2864304  |r 2025-01-20  |t 1  |w 2019-11-15  |y BK  |k HIS